000 00434nmm a2200145Ia 4500
008 251105s9999||||xx |||||||||||||||||und||
041 _aspa
100 _aPerec, Georges
245 0 _aTentativa de agotamiento de un lugar parisino
264 _a[Madrid, España] :
_bEditorial Gustavo Gili,
_c2012
300 _a60 páginas
650 _aFrench narrative
856 _uhttps://public.digitaliapublishing.com/a/41243
942 _cCF
999 _c104570
_d104570